Welcome to CU Library Online Public Access Catalogue (OPAC)

UNDERSTANDING PEOPLE AND SOCIAL LIFE; (Record no. 7461)

MARC details
000 -LEADER
fixed length control field 00443nam a22001577a 4500
005 - DATE AND TIME OF LATEST TRANSACTION
control field 20250904102137.0
008 - FIXED-LENGTH DATA ELEMENTS--GENERAL INFORMATION
fixed length control field 250904b |||||||| |||| 00| 0 eng d
020 ## - INTERNATIONAL STANDARD BOOK NUMBER
International Standard Book Number 9780314286031
050 ## - LIBRARY OF CONGRESS CALL NUMBER
Classification number HM51
Item number CHA
100 ## - MAIN ENTRY--PERSONAL NAME
Personal name CHALFANT PAUL H.
245 ## - TITLE STATEMENT
Title UNDERSTANDING PEOPLE AND SOCIAL LIFE;
Remainder of title INTRODUCTION TO SOCIOLOGY
260 ## - PUBLICATION, DISTRIBUTION, ETC.
Place of publication, distribution, etc. NEW YORK
Name of publisher, distributor, etc. WEST PUBLISHING COMPANY
Date of publication, distribution, etc. 1988
300 ## - PHYSICAL DESCRIPTION
Extent xiv, 326p
700 ## - ADDED ENTRY--PERSONAL NAME
Personal name LABEFF EMILY
942 ## - ADDED ENTRY ELEMENTS (KOHA)
Source of classification or shelving scheme Library of Congress Classification
Koha item type Books
Suppress in OPAC No
999 ## -
-- 7461
-- 7461
Holdings
Withdrawn status Lost status Source of classification or shelving scheme Damaged status Not for loan Collection Home library Current library Shelving location Date acquired Total checkouts Full call number Barcode Date last seen Copy number Price effective from Koha item type
    Library of Congress Classification     Non-fiction Undergraduate Library (Christ Temple) Undergraduate Library (Christ Temple) General stacks 09/04/2025   HM51 CHA ulct00004634 09/04/2025 1 09/04/2025 Books
© 2023-2024 Copyright: Central University Libraries. All Rights Reserved | Created by: Mahone Tech Office